000 00339nam a22001337a 4500
999 _c166333
_d166333
010 _aB-215005
082 _21991
_aN
100 _aGRENVILLE, KATE
_d1991
245 _aTHE IDEA OF PERFECTION
_hENGLISH
250 _a1991
260 _aNEW DELHI
_c1991
_bTHE PENGUIN GROUP
300 _a401 pages;
_c20;
942 _2ddc
_cEN
_e1991
_hN
_kN-GRE